Llwytho...

Indian Wome Writers Critical perspectives /

Manylion Llyfryddiaeth
Prif Awdur: Dodiya, Jaydipsinh Kand Surend
Awduron Eraill: Ran, Kv
Iaith:Undetermined
Cyhoeddwyd: New Delhi : Sarup&Sons , 1999.
LEADER 00523nam a2200157Ia 4500
001 123810
008 170722s9999 xx 000 0 und d
020 |a 8176250724 
100 |a Dodiya, Jaydipsinh Kand Surend 
245 |a Indian Wome Writers  |b Critical perspectives / 
260 |a New Delhi :  |b Sarup&Sons ,  |c 1999. 
300 |c 23Cms 
700 |a Ran, Kv 
942 |c GEN 
999 |c 119619  |d 119619 
952 |0 0  |1 0  |4 0  |6 O_2GY15_N9  |7 0  |9 169232  |a LIB  |b LIB  |d 2017-08-12  |l 2  |o O-2:g(Y15) N9  |p 234963  |r 2019-12-12  |s 2019-10-19  |v 375.00  |w 2017-08-12  |y GEN